Images de la justice au temps de l'affaire Dreyfus (notice n° 1605893)
[ vue normale ]
| 000 -LEADER | |
|---|---|
| fixed length control field | 01675cam a2200169 4500500 |
| 005 - DATE AND TIME OF LATEST TRANSACTION | |
| control field | 20251228095226.0 |
| 041 ## - LANGUAGE CODE | |
| Language code of text/sound track or separate title | fre |
| 042 ## - AUTHENTICATION CODE | |
| Authentication code | dc |
| 100 10 - MAIN ENTRY--PERSONAL NAME | |
| Personal name | de Perthuis, Bruno |
| Relator term | author |
| 245 00 - TITLE STATEMENT | |
| Title | Images de la justice au temps de l'affaire Dreyfus |
| 260 ## - PUBLICATION, DISTRIBUTION, ETC. | |
| Date of publication, distribution, etc. | 2004.<br/> |
| 500 ## - GENERAL NOTE | |
| General note | 56 |
| 520 ## - SUMMARY, ETC. | |
| Summary, etc. | RésuméC’est à travers la caricature de presse ainsi que celle de la carte postale, que nous avons tenté de débusquer les différents visages de la justice pendant l’Affaire Dreyfus : justice de classe, opposition entre justice militaire et justice civile, superposition des représentations de la vérité et de la justice, représentation ambivalente de l’île du Diable, images peu flatteuses des juges figurés, parfois, à l’instar de Dreyfus et de ses défenseurs, en agents à la solde de Berlin. Enfin, ambiguïté même de la justice au milieu de cette guerre idéologique qui soulève les passions. |
| 520 ## - SUMMARY, ETC. | |
| Summary, etc. | This article aims at discovering the different representations of justice during the Dreyfus affair through press cartoons and illustrated post-cards : justice of class, conflicts between military and civil justice, superimposition of representations of truth and justice, ambiguous representation of Devil Island, unflattering images of judges, sometimes represented – as well as Dreyfus and his defenders – as agents for Berlin. Ultimately, the ambiguity of justice itself in that ideological and passionate war. |
| 786 0# - DATA SOURCE ENTRY | |
| Note | Sociétés & Représentations | 18 | 2 | 2004-09-01 | p. 135-145 | 1262-2966 |
| 856 41 - ELECTRONIC LOCATION AND ACCESS | |
| Uniform Resource Identifier | <a href="https://shs.cairn.info/revue-societes-et-representations-2004-2-page-135?lang=fr&redirect-ssocas=7080">https://shs.cairn.info/revue-societes-et-representations-2004-2-page-135?lang=fr&redirect-ssocas=7080</a> |
Pas d'exemplaire disponible.




Réseaux sociaux